Raising the alcohol purchase age: its effects on fatal motor vehicle crashes in twenty-six states

Gespeichert in:  
Bibliographische Detailangaben
1. VerfasserIn: DuMouchel, William (Verfasst von)
Beteiligte: Williams, A. F. (BeteiligteR) ; Zador, Paul (BeteiligteR) ; Williams, Allan F. (BeteiligteR)
Medienart: Druck Aufsatz
Sprache:Englisch
Veröffentlicht: 1987
In: The journal of legal studies
Jahr: 1987, Band: 16, Heft: 1, Seiten: 249-266
Verfügbarkeit prüfen: HBZ Gateway
Schlagwörter:

MARC

LEADER 00000caa a22000002c 4500
001 1633574687
003 DE-627
005 20241123171328.0
007 tu
008 131030s1987 xxu||||| 00| ||eng c
035 |a (DE-627)1633574687 
035 |a (DE-576)39510663X 
035 |a (DE-599)BSZ39510663X 
040 |a DE-627  |b ger  |c DE-627  |e rakwb 
041 |a eng 
044 |c XD-US 
100 1 |a DuMouchel, William  |0 (DE-588)170299627  |0 (DE-627)060368454  |0 (DE-576)131197495  |4 aut 
109 |a DuMouchel, William  |a Mouchel, William du 
245 1 0 |a Raising the alcohol purchase age  |b its effects on fatal motor vehicle crashes in twenty-six states  |c William Du Mouchel, Allan F. Williams, and Paul Zador 
264 1 |c 1987 
336 |a Text  |b txt  |2 rdacontent 
337 |a ohne Hilfsmittel zu benutzen  |b n  |2 rdamedia 
338 |a Band  |b nc  |2 rdacarrier 
648 7 |8 1.4\x  |a 1975-1984  |2 stw 
650 7 |8 1.1\x  |a Alkoholkonsum  |0 (DE-627)091346495  |0 (DE-2867)16666-1  |2 stw 
650 7 |8 1.2\x  |a Alkoholpolitik  |0 (DE-627)091346509  |0 (DE-2867)18992-6  |2 stw 
650 7 |8 1.3\x  |a Usa  |0 (DE-627)091396867  |0 (DE-2867)17829-1  |2 stw 
655 4 |0 (DE-206)49  |a Aufsatz in Zeitschrift  |5 DE-206 
700 1 |a Williams, A. F.  |0 (DE-588)170589269  |0 (DE-627)060699442  |0 (DE-576)131460854  |4 oth 
700 1 |a Zador, Paul  |0 (DE-588)170299643  |0 (DE-627)060368470  |0 (DE-576)131197517  |4 oth 
700 1 |a Williams, Allan F.  |0 (DE-588)170299635  |0 (DE-627)060368462  |0 (DE-576)131197509  |4 oth 
773 0 8 |i In  |t The journal of legal studies  |d Chicago, Ill. : Univ. of Chicago Press, 1972  |g 16 (1987),1, S. 249-266  |w (DE-627)129385913  |w (DE-600)183993-7  |w (DE-576)014772736  |x 0047-2530  |7 nnas 
773 1 8 |g volume:16  |g year:1987  |g number:1  |g pages:249-266 
889 |w (DE-627)259006343 
935 |i mdedup 
951 |a AR 
ELC |b 1 
LOK |0 000 xxxxxcx a22 zn 4500 
LOK |0 001 3287358197 
LOK |0 003 DE-627 
LOK |0 004 1633574687 
LOK |0 005 20260302074940 
LOK |0 008 131030||||||||||||||||ger||||||| 
LOK |0 040   |a DE-21-110  |c DE-627  |d DE-21-110 
LOK |0 689   |a s  |a Jugendliche 
LOK |0 689   |a s  |a Trunkenheit am Steuer 
LOK |0 852   |z Kein Bestand am IfK; Nachweis für KrimDok 
LOK |0 852   |a DE-21-110 
LOK |0 852 1  |m v  |9 00 
LOK |0 935   |a k110 
LOK |0 938   |k v 
LOK |0 939   |a 30-10-13  |b l01 
ORI |a WA-MARC-krimdoka001.raw